[Event "Veterans Bdr 2016"]
[Site "Aubagne"]
[Date "2016.05.26"]
[Round "5.10"]
[White "Person, Claude"]
[Black "Alfaro, Michel"]
[Result "0-1"]
[WhiteElo "1236"]
[BlackElo "1548"]
[PlyCount "58"]
[EventDate "2016.??.??"]
[WhiteTeam "Les 3 Tours - Martigues"]
[BlackTeam "Echiquier Marseillais 1872"]

1. e4 Nc6 2. Nf3 Nf6 3. Nc3 e5 4. a3 Be7 5. h3 d6 6. d3 O-O 7. Be3 d5 8. exd5
Nxd5 9. Nxd5 Qxd5 10. c4 Qd6 11. Be2 Bf5 12. O-O Rad8 13. Ne1 b6 14. b4 Nd4 15.
Bxd4 Qxd4 16. Nf3 Qd6 17. Ne1 Qg6 18. Bg4 Bxd3 19. Nxd3 Rxd3 20. Qc2 Rfd8 21.
Qe2 e4 22. Qc2 Rd2 23. Qa4 f5 24. Bd1 e3 25. Bf3 Bf6 26. Rab1 exf2+ 27. Kh1 Be5
28. g4 fxg4 29. Rg1 fxg1=Q+ 0-1

[Event "Veterans Bdr 2016"]
[Site "Aubagne"]
[Date "2016.05.26"]
[Round "5.11"]
[White "Frontera, Pierre"]
[Black "Lassalle, Marc"]
[Result "1-0"]
[WhiteElo "1230"]
[BlackElo "1480"]
[PlyCount "97"]
[EventDate "2016.??.??"]
[WhiteTeam "Cercle d'Echecs Aubagnais"]
[BlackTeam "L'Echiquier du Roy René"]

1. d4 Nf6 2. Nc3 d5 3. Bf4 a6 4. h3 e6 5. a3 Nh5 6. Bh2 g6 7. e3 Bg7 8. Be2 Nf6
9. Bf3 O-O 10. b4 Bd7 11. Nge2 b5 12. O-O a5 13. a4 axb4 14. Nxb5 Bxb5 15. axb5
Rxa1 16. Qxa1 Ne4 17. Bxe4 dxe4 18. Qa5 Qe7 19. Rb1 e5 20. Qxb4 Qxb4 21. Rxb4
Re8 22. d5 Nd7 23. Nc3 f5 24. Rc4 Ra8 25. Ra4 Rc8 26. Rc4 Nb6 27. Rc6 Kf7 28.
g4 f4 29. g5 Ke7 30. Kf1 f3 31. Ke1 Kd7 32. Kd1 Ra8 33. Kc1 Rh8 34. Kb2 h6 35.
Rxg6 Rh7 36. Kb3 hxg5 37. Rxg5 Bf6 38. Rg6 Be7 39. Bxe5 Rxh3 40. Rg7 Ke8 41.
Bxc7 Nd7 42. Rg4 Bh4 43. Nxe4 Nf6 44. Nxf6+ Bxf6 45. Re4+ Kd7 46. b6 Rh8 47. c4
Bh4 48. Rf4 Bxf2 49. Rxf3 1-0

[Event "Veterans Bdr 2016"]
[Site "Aubagne"]
[Date "2016.05.26"]
[Round "5.12"]
[White "Souesme, Gerard"]
[Black "Vicari-Vento, Salvatore"]
[Result "1/2-1/2"]
[WhiteElo "1433"]
[BlackElo "1477"]
[PlyCount "139"]
[EventDate "2016.??.??"]
[WhiteTeam "Echiquier Brignolais"]
[BlackTeam "Cercle d'Echecs Aubagnais"]

1. e4 c5 2. Nf3 Nf6 3. Nc3 d6 4. d4 cxd4 5. Nxd4 a6 6. Be3 e5 7. Nde2 Be7 8. f3
O-O 9. g4 Ne8 10. Ng3 Bh4 11. Qd2 Be6 12. O-O-O Be7 13. g5 Nc6 14. h4 g6 15. h5
Nd4 16. Be2 Nxe2+ 17. Ngxe2 Qa5 18. Kb1 Rc8 19. hxg6 fxg6 20. f4 Ng7 21. Ng3 b5
22. Nd5 Qxd2 23. Nxe7+ Kh8 24. Rxd2 Rc7 25. Nd5 Bxd5 26. exd5 exf4 27. Rf1 Rcf7
28. Rdf2 Nf5 29. Rxf4 Kg7 30. Nxf5+ gxf5 31. Bd2 Kg6 32. Rg1 Re8 33. b3 Re5 34.
c4 bxc4 35. bxc4 Re2 36. Kc2 Rh2 37. Rgf1 Rg2 38. Kd3 Rxg5 39. R4f3 Rg4 40. Bf4
Rf6 41. Rb1 Rg2 42. Bd2 a5 43. Rb5 a4 44. Ra5 h5 45. Rxa4 h4 46. Ra8 Kg7 47.
Bc3 Rgg6 48. Rxf5 Rg3+ 49. Kc2 Rxc3+ 50. Kxc3 Rxf5 51. Re8 h3 52. Re1 Re5 53.
Rh1 Re3+ 54. Kb4 Kh6 55. a4 Kh5 56. a5 Kh4 57. c5 Re4+ 58. Kb5 dxc5 59. Kxc5
Kg3 60. a6 Re7 61. d6 Ra7 62. Kb6 Rd7 63. Rd1 h2 64. a7 Rxd6+ 65. Rxd6 h1=Q 66.
Ka6 Kf4 67. Rb6 Ke5 68. Rb8 Qc6+ 69. Ka5 Qc2 70. Ka6 1/2-1/2

[Event "Veterans Bdr 2016"]
[Site "Aubagne"]
[Date "2016.05.26"]
[Round "5.13"]
[White "Masson, Wally"]
[Black "Cotton, Paul"]
[Result "0-1"]
[WhiteElo "1189"]
[BlackElo "1454"]
[PlyCount "44"]
[EventDate "2016.??.??"]
[WhiteTeam "Cercle d'Echecs Aubagnais"]
[BlackTeam "Cercle d'Echecs Aubagnais"]

1. e4 c5 2. Nf3 d6 3. Bc4 Nc6 4. O-O Nf6 5. d4 Nxe4 6. Re1 Nf6 7. dxc5 dxc5 8.
Bb5 Bd7 9. Bg5 e6 10. Nc3 a6 11. Bxc6 Bxc6 12. Ne5 Qc7 13. Nxc6 Qxc6 14. Bxf6
gxf6 15. Nd5 Bg7 16. Nf4 O-O 17. Nh5 f5 18. c3 Kh8 19. Nxg7 Kxg7 20. Qd3 Rg8
21. Rad1 Kh8 22. Qe3 Qxg2# 0-1

[Event "Veterans Bdr 2016"]
[Site "Aubagne"]
[Date "2016.05.26"]
[Round "5.14"]
[White "Kauder, Wilfried"]
[Black "Pietrac, Christian"]
[Result "1-0"]
[WhiteElo "1399"]
[BlackElo "1201"]
[PlyCount "50"]
[EventDate "2016.??.??"]
[BlackTeam "Club d'Echecs de Miramas"]

1. e4 d6 2. d4 Nf6 3. Nc3 g6 4. Nf3 c6 5. Bd3 Bg7 6. O-O Nbd7 7. e5 Nd5 8. Nxd5
cxd5 9. exd6 e6 10. c4 O-O 11. c5 Re8 12. b4 e5 13. Bb5 e4 14. Ne5 Bxe5 15.
dxe5 Rxe5 16. Bxd7 Qxd7 17. Bb2 Rf5 18. Qd4 f6 19. f3 b6 20. fxe4 Rxf1+ 21.
Rxf1 Ba6 22. Rxf6 Qg7 23. Qxd5+ Kh8 24. Rf2 Qxb2 25. Rxb2 Rf8 1-0

[Event "Veterans Bdr 2016"]
[Site "Aubagne"]
[Date "2016.05.26"]
[Round "5.15"]
[White "Autouard, Jean-Luc"]
[Black "Ulloa, Philippe"]
[Result "0-1"]
[WhiteElo "1378"]
[BlackElo "1351"]
[PlyCount "94"]
[EventDate "2016.??.??"]
[WhiteTeam "Cercle d'Echecs Aubagnais"]
[BlackTeam "Le Gambit Marseillais"]

1. e4 e5 2. Nf3 d6 3. Nc3 Nf6 4. d4 exd4 5. Nxd4 Bg4 6. Nf3 Bxf3 7. Qxf3 Nbd7
8. Bc4 Ne5 9. Qe2 h6 10. Bf4 Ng6 11. Be3 Be7 12. f4 O-O 13. O-O-O Re8 14. e5
dxe5 15. Rxd8 Rexd8 16. f5 Nh4 17. Qf2 Ng4 18. Qe2 Nxe3 19. Qxe3 Bg5 20. Qxg5
hxg5 21. g4 Ng2 22. b3 e4 23. Rg1 Ne3 24. Be2 Nd5 25. Nd1 Nf4 26. Bc4 c6 27.
Ne3 b5 28. Bf1 f6 29. Rh1 a6 30. h4 Rd4 31. h5 Kh7 32. Kb2 Kh6 33. Kc1 Rad8 34.
Rh2 Nd5 35. c3 Nxc3 36. Rc2 Nd5 37. Nxd5 R8xd5 38. Bg2 Rd6 39. Re2 Rd1+ 40. Kc2
Rg1 41. Bxe4 Rxg4 42. Bd3 Rgd4 43. Be4 Rd1 44. Bf3 Rg1 45. Be4 Rg4 46. Bf3 Rf4
47. Be4 c5 0-1

[Event "Veterans Bdr 2016"]
[Site "Aubagne"]
[Date "2016.05.26"]
[Round "5.16"]
[White "Veith, Irene"]
[Black "San-Nicolas, Robert"]
[Result "0-1"]
[WhiteElo "1122"]
[BlackElo "1371"]
[PlyCount "62"]
[EventDate "2016.??.??"]
[WhiteTeam "La Ciotat Echecs (LCE)"]
[BlackTeam "Cercle d'Echecs Aubagnais"]

1. e4 e6 2. Nc3 Ne7 3. f4 d5 4. d4 dxe4 5. Nxe4 b6 6. Nf3 Bb7 7. Nc3 Nf5 8. Be2
Be7 9. O-O O-O 10. Kh1 Bf6 11. Nb5 a6 12. Nc3 Nxd4 13. Bd3 Nxf3 14. Be4 Bxe4
15. Nxe4 Nh4 16. g3 Nf5 17. Qf3 Ra7 18. c3 Qe7 19. Bd2 Rd8 20. Rad1 c5 21. Qg4
Rad7 22. Rf2 Ne3 23. Bxe3 Rxd1+ 24. Kg2 Qb7 25. Qf3 R1d5 26. Nxf6+ gxf6 27. h4
R8d7 28. Kh3 Rd3 29. Qg4+ Kf8 30. Rf3 Rxe3 31. Rxe3 Qh1# 0-1

[Event "Veterans Bdr 2016"]
[Site "Aubagne"]
[Date "2016.05.26"]
[Round "5.17"]
[White "Roman, Sylvian"]
[Black "Blondelon, Claude"]
[Result "1/2-1/2"]
[WhiteElo "1323"]
[BlackElo "1315"]
[PlyCount "94"]
[EventDate "2016.??.??"]
[WhiteTeam "Cercle d'Echecs Aubagnais"]
[BlackTeam "Puy Ste Réparade"]

1. e4 e6 2. d4 d5 3. e5 c5 4. c3 Nc6 5. Nf3 cxd4 6. cxd4 Qb6 7. Nc3 Bd7 8. a3
Be7 9. b4 Qd8 10. Bd3 f5 11. O-O a6 12. Ne2 Qb6 13. Bc2 Nd8 14. Nf4 Nf7 15. Nh5
Bf8 16. Ba4 Rc8 17. Bxd7+ Kxd7 18. Ng5 Nxg5 19. Bxg5 Rc4 20. Qa4+ Qc6 21. Qxc6+
Kxc6 22. Rfc1 b5 23. Nf4 Kd7 24. Rxc4 dxc4 25. Ne2 Ne7 26. Nc3 Nc6 27. Rd1 h6
28. Be3 Ne7 29. f4 Nd5 30. Nxd5 exd5 31. Ra1 Be7 32. a4 Bxb4 33. axb5 a5 34.
Ra2 Rb8 35. Bc1 Rxb5 36. Ba3 Bc3 37. Bc5 Rb1+ 38. Kf2 Rb2+ 39. Rxb2 Bxb2 40.
Ke2 a4 41. Kd2 a3 42. Kc2 g6 43. h3 Ke6 44. Ba7 h5 45. Bc5 Kd7 46. Ba7 Ke6 47.
Bc5 Kd7 1/2-1/2

[Event "Veterans Bdr 2016"]
[Site "Aubagne"]
[Date "2016.06.02"]
[Round "6.1"]
[White "Vialette, Eric"]
[Black "Battaglia, Gerard"]
[Result "0-1"]
[WhiteElo "1618"]
[BlackElo "1760"]
[PlyCount "60"]
[EventDate "2016.??.??"]

1. e4 e5 2. Nc3 d6 3. Nf3 Nf6 4. Bc4 Be7 5. d3 O-O 6. Be3 c6 7. a3 b5 8. Ba2
Bb7 9. O-O a6 10. Ne2 Nbd7 11. Ng3 d5 12. Qe2 d4 13. Bd2 c5 14. Nh4 Nxe4 15.
Nxe4 Bxh4 16. Qg4 Bxe4 17. dxe4 Bf6 18. Rae1 Nb6 19. h4 Bxh4 20. g3 Bf6 21. Kg2
Qd7 22. Qh5 g6 23. Qh6 Bg7 24. Qg5 c4 25. f4 f5 26. Rh1 fxe4 27. Qh4 Bf6 28.
Qh6 e3 29. Bb4 Qd5+ 30. Kg1 Rf7 0-1

[Event "Veterans Bdr 2016"]
[Site "Aubagne"]
[Date "2016.06.02"]
[Round "6.2"]
[White "Kleitz, Michel"]
[Black "Quet, Jean-Francois"]
[Result "1/2-1/2"]
[WhiteElo "1786"]
[BlackElo "1730"]
[PlyCount "83"]
[EventDate "2016.??.??"]

1. d4 Nf6 2. c4 e6 3. Nc3 Bb4 4. Nf3 d5 5. cxd5 exd5 6. Qa4+ Nc6 7. Ne5 Bxc3+
8. bxc3 O-O 9. Bg5 Qd6 10. Nxc6 bxc6 11. Bxf6 Qxf6 12. e3 Bf5 13. c4 c5 14.
cxd5 cxd4 15. Qxd4 Qxd4 16. exd4 Rfe8+ 17. Kd2 Be4 18. Bb5 Red8 19. f3 Bxd5 20.
Rhc1 a6 21. Ba4 Rab8 22. a3 Bb3 23. Bxb3 Rxb3 24. Rxc7 Rxd4+ 25. Kc2 Rb8 26.
Re1 Kf8 27. Kc3 Ra4 28. Ree7 Rxa3+ 29. Kc4 Ra4+ 30. Kc3 Rf4 31. Ra7 a5 32. Rec7
a4 33. Kd3 g5 34. Rc5 Rb3+ 35. Kc2 h6 36. Rxa4 Rc3+ 37. Kxc3 Rxa4 38. Kd3 Kg7
39. Rc2 h5 40. g3 Kg6 41. Ke3 Ra3+ 42. Kf2 1/2-1/2

[Event "Veterans Bdr 2016"]
[Site "Aubagne"]
[Date "2016.06.02"]
[Round "6.3"]
[White "Derien, Robert"]
[Black "Corrias, Robert"]
[Result "1-0"]
[WhiteElo "1633"]
[BlackElo "1596"]
[PlyCount "99"]
[EventDate "2016.??.??"]

1. e4 e5 2. Nf3 Nc6 3. Bc4 d6 4. d4 Be7 5. Be3 Nf6 6. Nc3 O-O 7. h3 a6 8. a4
Bd7 9. Qd2 Rb8 10. a5 b5 11. axb6 cxb6 12. dxe5 dxe5 13. Nd5 Nxe4 14. Nxe7+
Qxe7 15. Qd5 Nf6 16. Qd2 b5 17. Be2 Rfd8 18. c3 Bxh3 19. Qc2 e4 20. Rxh3 exf3
21. Bxf3 Ne5 22. Be2 Qb7 23. Rg3 Rbc8 24. Bg5 Ng6 25. Be3 Rd6 26. Rd1 Rcd8 27.
Rxd6 Rxd6 28. Bf3 Qd7 29. Rg5 Nd5 30. Bxd5 Rxd5 31. Qe4 Rxg5 32. Qa8+ Nf8 33.
Bxg5 Qe6+ 34. Be3 h6 35. Kd2 f6 36. Bc5 Qd7+ 37. Kc2 Qf7 38. Qxa6 Qe8 39. Qd6
Ng6 40. g3 Kh7 41. Be3 Qe5 42. Qd3 f5 43. Kd2 Ne7 44. Bd4 Qd5 45. g4 g6 46. Qe2
Qe4 47. Qxb5 fxg4 48. Qe8 Qf4+ 49. Kd1 Ng8 50. Qd7+ 1-0

[Event "Veterans Bdr 2016"]
[Site "Aubagne"]
[Date "2016.06.02"]
[Round "6.4"]
[White "Graells, Christian"]
[Black "Hunault, Francis"]
[Result "1/2-1/2"]
[WhiteElo "1611"]
[BlackElo "1358"]
[PlyCount "144"]
[EventDate "2016.??.??"]

1. e4 e5 2. Nf3 Nf6 3. Bc4 Bc5 4. d3 d6 5. h3 O-O 6. O-O c6 7. a3 a5 8. Nc3 b5
9. Ba2 Qb6 10. Bd2 Nh5 11. Ne2 Be6 12. c3 Bxa2 13. Rxa2 Qa7 14. d4 exd4 15.
cxd4 Bb6 16. b3 Nd7 17. Rc2 Rac8 18. Bc3 Ndf6 19. g4 Nxe4 20. gxh5 Qd7 21. Kg2
Qf5 22. Ng3 Nxg3 23. fxg3 Qxh5 24. Qd3 Qd5 25. Bb2 Rfe8 26. Kh2 Re4 27. Ng5
Qxg5 28. Qxe4 d5 29. Qe1 Bc7 30. Re2 Kf8 31. Bc1 Qg6 32. Rf3 h5 33. Kg2 h4 34.
g4 Qd6 35. Bf4 Qd7 36. Bxc7 Rxc7 37. Re5 f6 38. Ref5 Qd6 39. Qxh4 Qxa3 40. Qh8+
Kf7 41. g5 Qb2+ 42. Kg3 Qxd4 43. g6+ Ke6 44. Qg8+ Kd6 45. Qd8+ Rd7 46. Qxa5
Qg1+ 47. Kh4 Ra7 48. Qd8+ Rd7 49. Qf8+ Kc7 50. Qb4 Qxg6 51. Qf4+ Rd6 52. Rc3
Qh7+ 53. Rh5 g5+ 54. Kg4 Qd7+ 55. Qf5 Qxf5+ 56. Kxf5 d4 57. Rd3 c5 58. Rh6 c4
59. bxc4 bxc4 60. Rd1 d3 61. Rxf6 Rxf6+ 62. Kxf6 Kc6 63. Ke5 Kc5 64. Ke4 Kb4
65. Kd4 Kb3 66. Rxd3+ cxd3 67. Kxd3 Kb4 68. Ke4 Kc5 69. Kf5 Kd6 70. Kxg5 Ke7
71. Kg6 Kf8 72. h4 Kg8 1/2-1/2

[Event "Veterans Bdr 2016"]
[Site "Aubagne"]
[Date "2016.06.02"]
[Round "6.5"]
[White "Perdiolat, Francis"]
[Black "Sage, Jean-Claude"]
[Result "1-0"]
[WhiteElo "1407"]
[BlackElo "1580"]
[PlyCount "127"]
[EventDate "2016.??.??"]

1. e4 e5 2. Bc4 Nf6 3. d3 d6 4. Nf3 Be7 5. O-O Bg4 6. Nbd2 Nc6 7. a3 O-O 8. c3
h6 9. b4 a6 10. Bb2 b5 11. Bb3 Nh7 12. d4 Bg5 13. d5 Ne7 14. Bc1 f5 15. Bc2
fxe4 16. Bxe4 Nf6 17. h3 Bxd2 18. hxg4 Nxe4 19. Bxd2 Nxd5 20. Rc1 Nxd2 21. Qxd2
Nf4 22. g3 Nh3+ 23. Kg2 Qf6 24. Qd5+ Kh8 25. Kxh3 Qxf3 26. Qxf3 Rxf3 27. Kg2
Raf8 28. Rc2 Kh7 29. Re1 Kg6 30. Re3 R3f7 31. f3 c6 32. Rd2 Rf6 33. Red3 d5 34.
Re3 Re6 35. Rde2 Kf6 36. f4 e4 37. Re1 Ke7 38. Kh3 Kd6 39. Rd1 Rc8 40. Kh4 c5
41. Kh5 cxb4 42. axb4 Kc6 43. f5 Rf6 44. Rf1 Rh8 45. Ra1 Kb6 46. Rd1 Rd8 47.
Rxe4 dxe4 48. Rxd8 Rc6 49. Re8 Rxc3 50. Rxe4 Rxg3 51. Re6+ Kc7 52. Re7+ Kd6 53.
Rxg7 Rh3+ 54. Kg6 Rb3 55. Ra7 Ke5 56. f6 Rxb4 57. Re7+ Kf4 58. f7 Kg3 59. g5
Rf4 60. gxh6 b4 61. Kg7 Rg4+ 62. Kf8 Rh4 63. Ke8 Rf4 64. f8=Q 1-0

[Event "Veterans Bdr 2016"]
[Site "Aubagne"]
[Date "2016.06.02"]
[Round "6.6"]
[White "Alfaro, Michel"]
[Black "Reynaud, Jacques"]
[Result "1-0"]
[WhiteElo "1548"]
[BlackElo "1315"]
[PlyCount "67"]
[EventDate "2016.??.??"]

1. Nf3 Nf6 2. c4 c6 3. d4 d5 4. Nc3 g6 5. cxd5 cxd5 6. Bf4 a6 7. g3 Bg7 8. Bg2
O-O 9. O-O Nc6 10. Ne1 Nh5 11. Be3 Be6 12. Nc2 f5 13. Bc1 Rc8 14. Bf3 Nf6 15.
Bg5 Ne4 16. Bxe4 fxe4 17. Qd2 Rf5 18. f3 exf3 19. exf3 Qf8 20. Qe3 Qf7 21. g4
Rxg5 22. Qxg5 Bxd4+ 23. Nxd4 Nxd4 24. f4 Rc4 25. f5 Nxf5 26. gxf5 Bxf5 27. Rxf5
Qxf5 28. Qxf5 gxf5 29. Nxd5 e6 30. Ne3 Re4 31. Re1 f4 32. Nc2 Rxe1+ 33. Nxe1
Kf7 34. Nd3 1-0

[Event "Veterans Bdr 2016"]
[Site "Aubagne"]
[Date "2016.06.02"]
[Round "6.7"]
[White "Amoros, Jean"]
[Black "Frontera, Pierre"]
[Result "1-0"]
[WhiteElo "1458"]
[BlackElo "1230"]
[PlyCount "61"]
[EventDate "2016.??.??"]

1. e4 c5 2. d4 cxd4 3. c3 e5 4. Nf3 Nc6 5. cxd4 exd4 6. Nxd4 g6 7. Bc4 Bg7 8.
Nb5 Be5 9. f4 Bb8 10. O-O Qb6+ 11. Kh1 Nge7 12. N1c3 a6 13. Nd6+ Bxd6 14. Qxd6
O-O 15. f5 Qd8 16. Qf6 Nxf5 17. Qxd8 Nxd8 18. exf5 b5 19. Bb3 d6 20. Re1 Kg7
21. fxg6 hxg6 22. Bf4 Nc6 23. Bxd6 Rd8 24. Bg3 Ra7 25. Rf1 Rd2 26. Rf2 Rad7 27.
Rxd2 Rxd2 28. Rb1 Bf5 29. Rc1 f6 30. h3 Nd4 31. Nd5 1-0

[Event "Veterans Bdr 2016"]
[Site "Aubagne"]
[Date "2016.06.02"]
[Round "6.8"]
[White "Cotton, Paul"]
[Black "Rouaud, Robert"]
[Result "1/2-1/2"]
[WhiteElo "1454"]
[BlackElo "1442"]
[PlyCount "133"]
[EventDate "2016.??.??"]

1. Nf3 d6 2. g3 Nf6 3. Bg2 h6 4. d3 c6 5. O-O Bf5 6. c4 e6 7. Nc3 Nbd7 8. b4 a6
9. Bb2 Be7 10. Qd2 O-O 11. a4 Rb8 12. Rfb1 Nh7 13. h3 Ng5 14. Kh2 Nxf3+ 15.
Bxf3 Ne5 16. Bg2 Qb6 17. e4 Bg6 18. Nd1 f5 19. Bxe5 dxe5 20. c5 Qd8 21. Nb2
fxe4 22. Nc4 Qd4 23. Qe3 exd3 24. Qxd4 exd4 25. Ne5 Be8 26. Nxd3 Bf6 27. Re1
Bf7 28. Rad1 Rbd8 29. Ne5 Bxe5 30. Rxe5 Rfe8 31. f4 Kf8 32. Rd3 Bg6 33. Be4 Kf7
34. Bxg6+ Kxg6 35. Re4 Rd5 36. Rexd4 Red8 37. Rxd5 Rxd5 38. Re3 Kf7 39. Kg2 Rd4
40. Rb3 g6 41. Kf3 Kf6 42. Ke3 Rd5 43. Ke4 e5 44. Rd3 Rxd3 45. Kxd3 exf4 46.
gxf4 Kf5 47. Ke3 h5 48. Kf3 h4 49. Ke3 g5 50. fxg5 Kxg5 51. Kf3 Kf5 52. a5 Kg5
53. Ke4 Kg6 54. Kf4 Kh5 55. Kf5 Kh6 56. Kg4 Kg6 57. Kxh4 Kf5 58. Kh5 Kf6 59.
Kh6 Kf7 60. Kh7 Kf6 61. h4 Kf7 62. h5 Kf8 63. h6 Kf7 64. Kh8 Kf8 65. Kh7 Kf7
66. Kh8 Kf8 67. Kh7 1/2-1/2

[Event "Veterans Bdr 2016"]
[Site "Aubagne"]
[Date "2016.06.02"]
[Round "6.9"]
[White "Vicari-Vento, Salvatore"]
[Black "Le Gall, Louis"]
[Result "1-0"]
[WhiteElo "1477"]
[BlackElo "1474"]
[PlyCount "92"]
[EventDate "2016.??.??"]

1. e4 c6 2. d4 d5 3. e5 Bf5 4. Nf3 e6 5. Bd2 Be7 6. h3 Nd7 7. Nc3 c5 8. Ne2 c4
9. Ng3 Bg6 10. b3 b5 11. Be2 f6 12. O-O fxe5 13. Nxe5 Bf6 14. Nxg6 hxg6 15. c3
Nh6 16. Re1 Bh4 17. Bg4 O-O 18. Bxe6+ Nf7 19. Bxd5 Rc8 20. Be4 Bxg3 21. fxg3
Qf6 22. Qg4 Nd6 23. Rf1 Qe7 24. Bc2 Nf6 25. Qxg6 Qe2 26. Qg5 Nfe4 27. Qd5+ Kh8
28. Bxe4 Nxe4 29. Bf4 Nxc3 30. Qg5 Qe6 31. Be5 Qg8 32. Kh2 Ne4 33. Qh5+ Qh7 34.
Qxh7+ Kxh7 35. Rf4 Rxf4 36. gxf4 c3 37. Rc1 c2 38. Kg1 Rc3 39. Kf1 Ng3+ 40. Ke1
Nf5 41. Kd2 b4 42. d5 Rc8 43. Rxc2 Rxc2+ 44. Kxc2 Ne3+ 45. Kd3 Nxd5 46. Kc4
Ne3+ 1-0

[Event "Veterans Bdr 2016"]
[Site "Aubagne"]
[Date "2016.06.02"]
[Round "6.10"]
[White "Marku, Demeter"]
[Black "Thiers, Jean-Jacques"]
[Result "0-1"]
[WhiteElo "1595"]
[BlackElo "1726"]
[PlyCount "154"]
[EventDate "2016.??.??"]

1. e4 e5 2. Nf3 Nc6 3. Bb5 a6 4. Bc4 Bc5 5. d3 h6 6. Nc3 d6 7. h3 Nf6 8. O-O
O-O 9. Nd5 Be6 10. Be3 Bxd5 11. Bxd5 Nxd5 12. Bxc5 dxc5 13. exd5 Qxd5 14. Re1
Rfe8 15. Qd2 Rad8 16. Re2 Nd4 17. Re3 Nxf3+ 18. Rxf3 Rd6 19. b3 Ree6 20. Qa5
Qc6 21. Re1 Qb6 22. Qd2 Qc6 23. Rfe3 Qe8 24. Qe2 f6 25. Qf3 c6 26. Qg4 a5 27.
Rg3 Re7 28. Qc4+ Rd5 29. Qc3 b6 30. Qd2 Kh8 31. Qe2 Rd4 32. Re3 Qf7 33. Re4 Qg6
34. c3 Rxe4 35. dxe4 Qe8 36. Qg4 Qd7 37. Qf3 Qe6 38. Qe2 Qc8 39. Qh5 Rd7 40.
Re3 Qd8 41. Qf3 b5 42. Qg4 Rd1+ 43. Kh2 Qd7 44. Qg3 Rd2 45. a3 Ra2 46. Rd3 Qe7
47. Qg4 Rxf2 48. Rd7 Qf8 49. Rc7 f5 50. Qg6 fxe4 51. Qxe4 Qf4+ 52. Qxf4 exf4
53. Rxc6 Rb2 54. Rxc5 Rxb3 55. c4 Rxa3 56. cxb5 Rb3 57. b6 Rxb6 58. Rxa5 Rf6
59. Ra3 Kh7 60. Kg1 g5 61. Kf2 Kg6 62. Kf3 Kh5 63. Rb3 Kh4 64. Rb4 Re6 65. g3+
Kxh3 66. gxf4 g4+ 67. Kf2 Rf6 68. Kg1 h5 69. Rb3+ g3 70. Rf3 h4 71. Kf1 Kh2 72.
Ke2 g2 73. Rf2 Kh1 74. Rf3 g1=Q 75. Rh3+ Qh2+ 76. Rxh2+ Kxh2 77. Kf3 h3 0-1

[Event "Veterans Bdr 2016"]
[Site "Aubagne"]
[Date "2016.06.02"]
[Round "6.11"]
[White "Lassalle, Marc"]
[Black "Roche, Alain"]
[Result "0-1"]
[WhiteElo "1480"]
[BlackElo "1372"]
[PlyCount "120"]
[EventDate "2016.??.??"]

1. e4 e6 2. Nf3 d5 3. e5 d4 4. d3 h6 5. c3 c5 6. g3 Ne7 7. Nbd2 b5 8. Ne4 Nf5
9. Bg2 Bb7 10. Nfd2 Nc6 11. c4 Rb8 12. cxb5 Nxe5 13. Nb3 c4 14. Nbc5 Bxc5 15.
dxc4 Bb4+ 16. Kf1 d3 17. Qa4 Qa5 18. Qxa5 Bxa5 19. Bf4 f6 20. Bxe5 fxe5 21. g4
Bxe4 22. Bxe4 Nd6 23. Bc6+ Ke7 24. b3 d2 25. Kg2 Rhf8 26. a3 Bb6 27. Rhf1 Rf4
28. f3 Bd4 29. Rad1 Bc3 30. Kf2 h5 31. h3 hxg4 32. hxg4 Rbf8 33. Ke3 e4 34. Ke2
Rh8 35. Ke3 g5 36. c5 Nf7 37. Bxe4 Rc8 38. b4 Ne5 39. Rh1 Rf7 40. Rh5 Rd8 41.
Rxg5 Nc4+ 42. Ke2 Nxa3 43. c6 Nxb5 44. Rxb5 Kd6 45. Rb7 Rc7 46. Rxc7 Kxc7 47.
b5 e5 48. Bd3 Rh8 49. Ke3 Rh2 50. f4 Rh3+ 51. Ke4 exf4 52. g5 f3 53. g6 f2 54.
Be2 Rg3 55. Kf5 Re3 56. Rxd2 Rxe2 57. Rd7+ Kb6 58. Rb7+ Kc5 59. Rxa7 f1=Q+ 60.
Kg5 Qf6+ 0-1

[Event "Veterans Bdr 2016"]
[Site "Aubagne"]
[Date "2016.06.02"]
[Round "6.12"]
[White "San-Nicolas, Robert"]
[Black "Souesme, Gerard"]
[Result "0-1"]
[WhiteElo "1371"]
[BlackElo "1433"]
[PlyCount "84"]
[EventDate "2016.??.??"]

1. d4 Nf6 2. c4 d6 3. Nc3 Nbd7 4. e4 e5 5. Nf3 Be7 6. d5 Nf8 7. Be3 Ng6 8. g3
Ng4 9. Bd2 f5 10. Bd3 f4 11. Ne2 fxg3 12. Nxg3 O-O 13. h3 Nf6 14. h4 Bg4 15. h5
Nf4 16. Bxf4 exf4 17. Nf5 Nxh5 18. Ke2 Qe8 19. N5d4 Bf6 20. Nb5 Qe5 21. Nc3 a6
22. Rg1 Bxf3+ 23. Kxf3 Rf7 24. Rg4 g6 25. Qe2 Rg7 26. Rag1 Rf8 27. Qc2 Bd8 28.
Ne2 Rff7 29. Qd2 Nf6 30. Rxf4 Nh5 31. Rxf7 Rxf7+ 32. Kg2 Bg5 33. Qc3 Nf4+ 34.
Kf1 Qxc3 35. bxc3 Nxd3 36. Rg2 Be3 37. Nd4 Rxf2+ 38. Rxf2 Nxf2 39. Ne6 Nxe4 40.
Ke2 Bb6 41. Kd3 Nc5+ 42. Nxc5 Bxc5 0-1

[Event "Veterans Bdr 2016"]
[Site "Aubagne"]
[Date "2016.06.02"]
[Round "6.13"]
[White "Ulloa, Philippe"]
[Black "Kauder, Wilfried"]
[Result "1-0"]
[WhiteElo "1351"]
[BlackElo "1399"]
[PlyCount "91"]
[EventDate "2016.??.??"]

1. d4 Nf6 2. c4 e6 3. a3 d5 4. Nc3 c5 5. Nf3 Nc6 6. Bf4 Bd6 7. Bg5 h6 8. Bxf6
Qxf6 9. Nb5 e5 10. cxd5 Nxd4 11. Nxd6+ Qxd6 12. e4 Bg4 13. Qa4+ Bd7 14. Qd1 a6
15. Nxd4 cxd4 16. Bd3 Rc8 17. O-O O-O 18. Qh5 Bb5 19. Bxb5 axb5 20. b4 Rc3 21.
Rfd1 Rfc8 22. Qe2 R8c4 23. Qe1 Qc7 24. h3 Rc2 25. Kh2 R4c3 26. Qf1 Qc4 27. Qxc4
bxc4 28. d6 Kf8 29. f4 f6 30. Rf1 Ke8 31. fxe5 fxe5 32. Rf5 Kd7 33. Rxe5 Kxd6
34. Rd5+ Ke6 35. a4 Rd2 36. Re1 Rcc2 37. Rg1 g5 38. Kg3 Rc3+ 39. Kg4 Re3 40.
Rc5 Rxe4+ 41. Kh5 Rh4+ 42. Kg6 Rf2 43. Rxc4 Rf6+ 44. Kg7 Rhf4 45. Re1+ Kd5 46.
Rc5+ 1-0

[Event "Veterans Bdr 2016"]
[Site "Aubagne"]
[Date "2016.06.02"]
[Round "6.14"]
[White "Blondelon, Claude"]
[Black "Person, Claude"]
[Result "1/2-1/2"]
[WhiteElo "1315"]
[BlackElo "1236"]
[PlyCount "147"]
[EventDate "2016.??.??"]

1. d4 d5 2. Nf3 Bg4 3. c4 dxc4 4. a4 f6 5. e3 Be6 6. Nc3 c6 7. Nd2 Nh6 8. Bxc4
Bg4 9. Be2 Bf5 10. O-O g6 11. Nf3 Bg4 12. Ne1 Bxe2 13. Qxe2 Bg7 14. Nd3 O-O 15.
Nc5 Qc8 16. Qc4+ Nf7 17. Ne6 Nd6 18. Qb3 Rf7 19. Nxg7 Kxg7 20. Ne2 Nd7 21. Qd1
Ne4 22. Ng3 Nd6 23. b3 b5 24. Ba3 Ne8 25. a5 a6 26. b4 Nd6 27. Bb2 Nc4 28. Bc3
Nf8 29. Rc1 Qe6 30. e4 Kg8 31. Re1 Rd8 32. h3 Qc8 33. Nf1 e5 34. d5 cxd5 35.
exd5 Rd6 36. Qf3 Qd7 37. Rcd1 Kg7 38. Ng3 f5 39. Bxe5+ Nxe5 40. Rxe5 h6 41. Ne2
Ne6 42. Qc3 Qc7 43. Rxe6+ Qxc3 44. Nxc3 Rfd7 45. Rxd6 Rxd6 46. Re1 Rd7 47. Re3
g5 48. g3 h5 49. f4 g4 50. hxg4 hxg4 51. Re6 Ra7 52. d6 Kf7 53. Re7+ Rxe7 54.
dxe7 Kxe7 55. Nd5+ Kd6 56. Ne3 Ke6 57. Kf2 Kf6 58. Ke2 Ke6 59. Kd2 Kf6 60. Kd3
Ke6 61. Kd4 Kd6 62. Nxf5+ Ke6 63. Ne3 Kd6 64. Nxg4 Ke6 65. Ne3 Kd6 66. f5 Ke7
67. Ke5 Kf7 68. g4 Ke7 69. g5 Kf7 70. f6 Kf8 71. g6 Ke8 72. g7 Kf7 73. Kd6 Kxf6
74. g8=Q 1/2-1/2

[Event "Veterans Bdr 2016"]
[Site "Aubagne"]
[Date "2016.06.02"]
[Round "6.15"]
[White "Moerenhout, Jean Claude"]
[Black "Masson, Wally"]
[Result "1/2-1/2"]
[WhiteElo "1289"]
[BlackElo "1189"]
[PlyCount "98"]
[EventDate "2016.??.??"]

1. d4 d5 2. Nf3 Nc6 3. c4 e6 4. Nc3 Nf6 5. Bg5 Bb4 6. e3 O-O 7. Bd3 Na5 8. a3
Bxc3+ 9. bxc3 dxc4 10. Bxf6 Qxf6 11. Bc2 b5 12. Qb1 Bd7 13. Bxh7+ Kh8 14. Be4
Rab8 15. O-O Qh6 16. Ne5 Be8 17. Qd1 f5 18. Bc2 Nc6 19. Nf3 Bh5 20. h3 Rbd8 21.
Rb1 a6 22. a4 Ne5 23. axb5 Nxf3+ 24. gxf3 Qg5+ 25. Kh2 a5 26. Rg1 Qe7 27. b6
Qd6+ 28. Kg2 cxb6 29. Rb5 g5 30. Rh1 Kg7 31. Qg1 Qc6 32. Kf1 Qxb5 33. Qxg5+ Bg6
34. Qe7+ Kh8 35. Rg1 Qe8 36. Qg5 Rg8 37. Qf6+ Kh7 38. Qh4+ Kg7 39. e4 Rh8 40.
Qg3 b5 41. Qe5+ Kf7 42. exf5 exf5 43. Bxf5 Qxe5 44. Bxg6+ Kf6 45. dxe5+ Kxe5
46. Rg4 Rxh3 47. Re4+ Kf6 48. Rg4 Rh1+ 49. Ke2 Re8+ 1/2-1/2